000 nam a22 7a 4500
999 _c54135
_d54135
003 OSt
005 20220729104848.0
008 220729b xxu||||| |||| 00| 0 eng d
040 _cIIMT UNIVERSTY
100 _aGEETA PRESS GORAKHPUR
245 _aKALYAN
260 _bGEETA PRESS
300 _a488
942 _2ddc
_c09